| 000 | 01001nam a2200229 4500 | ||
|---|---|---|---|
| 001 | 77200 | ||
| 003 | BD-RjUL | ||
| 005 | 20211209082937.0 | ||
| 008 | 200302s2016 a|||| |||| 00| 0 ben d | ||
| 020 |
_a9789843399465 _c: Taka 300.00 |
||
| 035 | _a(BD-RjUL)77424 | ||
| 040 |
_aBD-RjUL _bben/eng _cBD-RjUL |
||
| 041 | _aben | ||
| 082 |
_223 _a370.1 _bNAS 2016 |
||
| 100 | 1 |
_aনাজনীন, সুলতানা _9240239 |
|
| 245 | 1 | 0 |
_aশিক্ষাবিজ্ঞান = Pedagogy: _b(শিক্ষাবিজ্ঞানের প্রেক্ষাপটে আবশ্যকীয় বিষয়সমূহ) / _cসুলতানা নাজনীন |
| 260 |
_aরাজশাহী: _bফারহানা বিনতে সুফি, _c২০১৬ |
||
| 300 |
_a[৮], ২৩৫ পৃ. : _bচিত্র ; _c২২ সেমি. |
||
| 650 |
_aশিক্ষা মনোবিজ্ঞান _9240246 |
||
| 650 |
_aEducational Psychology _9240247 |
||
| 942 |
_2ddc _cBK |
||
| 999 |
_c77200 _d77200 |
||